| 000 | 00975nam a2200229Ia 4500 | ||
|---|---|---|---|
| 003 | GCL | ||
| 008 | 140319s9999 xx 000 0 ara d | ||
| 040 |
_aGCL / _cGCL |
||
| 082 | 0 | 4 |
_a862 _bب ن |
| 100 | 1 | _aباييخو، الفونسو | |
| 245 | 1 | 0 |
_aنصوص من المسرح الاسبانى : _bمنولوج لستة اصوات صامتة \ النغمة السفلى \ على المكشوف / _cباييخو، الفونسو |
| 700 | 1 | _aرانيا عايد الرباط | |
| 700 | 1 | _aخالد سالم | |
| 250 | _aالاولى | ||
| 260 |
_aالقاهرة : _bوزارة الثقافة - مهرجان القاهرة الدولى للمسرح التجريبى ، _c2005 |
||
| 300 |
_a274 ص ؛ _c24 سم |
||
| 650 | 0 | 4 | _aالمسرحيات الاسبانية المترجمة |
| 650 | 0 | 4 | _aالمسرح - اسبانيا |
| 650 | 0 | 4 | _aالمسرحيات الاسبانية - مجموعات |
| 650 | 0 | 4 | _aالمسرحيات - اسبانيا |
| 942 |
_2ddc _cBK |
||
| 999 |
_c42842 _d42842 |
||